[Event "1st K.Makarczyk Memorial"]
[Site "Lodz POL"]
[Date "1978.04.??"]
[Round "?"]
[White "Witkowski, Stefan"]
[Black "Skrobek, Ryszard"]
[Result "0-1"]
[WhiteElo "2365"]
[BlackElo "2460"]
[EventDate "1978.04.13"]
[PlyCount "59"]

1.c4 Nf6 2.Nc3 c5 3.Nf3 d5 4.cxd5 Nxd5 5.e4 Nb4 6.Bc4 Nd3+ 7.Kf1 Nc6 8.Qb3
e6 9.Na4 Ndb4 10.a3 Na5 11.Qc3 Nbc6 12.Bb5 Bd7 13.Rb1 a6 14.Be2 c4 15.Qe3 
Nb3 16.Qb6 Ncd4 17.Nxd4 Bxa4 18.Qxd8+ Rxd8 19.Nxb3 Bxb3 20.h4 b5 21.Ke1 
Bc2 22.Ra1 Bxe4 23.a4 Bxg2 24.Rg1 Bc6 25.axb5 Bxb5 26.Rg3 Rd4 27.h5 Re4 
28.Kd1 Bc5 29.Rxg7 Bxf2 30.b3 0-1

[Event "1st K.Makarczyk Memorial"]
[Site "Lodz POL"]
[Date "1978.04.??"]
[Round "?"]
[White "Witkowski, Stefan"]
[Black "Sznapik, Aleksander"]
[Result "1/2-1/2"]
[WhiteElo "2365"]
[BlackElo "2430"]
[EventDate "1978.04.13"]
[PlyCount "32"]

1.e4 e5 2.Nf3 Nc6 3.Bb5 a6 4.Bxc6 dxc6 5.O-O f6 6.d4 Bg4 7.dxe5 Qxd1 8.
Rxd1 fxe5 9.Rd3 Bxf3 10.Rxf3 Nf6 11.Nc3 Bb4 12.Bg5 Bxc3 13.Rxc3 Nxe4 14.
Re3 Nxg5 15.Rxe5+ Kf7 16.Rxg5 Rhe8 1/2-1/2